| 000 | 00508nam a2200181Ia 4500 | ||
|---|---|---|---|
| 008 | 220216s9999 xx 000 0 und d | ||
| 100 | _aHuang Y S | ||
| 245 | 0 | _aApplication of FFT spectrum analysis to the evaluation of roughness of wood sanding surface | |
| 260 |
_bForest Products Industries _c1990 |
||
| 300 | _a61-70 | ||
| 500 | _aCAB CD 1993-94 | ||
| 650 | _aLogging | ||
| 650 | _aSurface quality | ||
| 650 | _aWood processing | ||
| 650 | _aWood properties | ||
| 700 | _aChen S S | ||
| 942 | _cBO | ||
| 999 |
_c47802 _d47802 |
||